[Event "Titled Tuesday intern op 25th Oct Early"]
[Site "Chess.com INT"]
[Date "2022.10.25"]
[Round "4"]
[White "Milikow, Yoav"]
[Black "Sachdev, Tania"]
[Result "1-0"]
[WhiteElo "2412"]
[BlackElo "2406"]
[PlyCount "51"]
[EventDate "2022.10.25"]
[EventType "swiss (blitz)"]
[EventRounds "11"]
[EventCountry "USA"]
[SourceTitle "EXT 2024"]
[Source "ChessBase"]
[SourceDate "2023.10.10"]
[SourceVersion "1"]
[SourceVersionDate "2023.10.10"]
[SourceQuality "1"]

1. d4 Nf6 2. c4 e6 3. Nf3 d5 4. Nc3 Be7 5. g3 0-0 6. Bg2 dxc4 7. 0-0 a6 8. Ne5 Nc6 9. Bxc6 bxc6 10. Qa4 Bb7 11. Qxc4 Qd6 12. Bf4 Qb4 13. a3 Qxc4 14. Nxc4 c5 15. dxc5 Bxc5 16. Na5 Ra7 17. Bxc7 Ba8 18. Bf4 h6 19. Rac1 g5 20. Na4 Be7 21. Be3 Rd7 22. Nb6 Rd6 23. Bc5 Be4 24. Nac4 Ne8 25. Nc8 Rd7 26. Bxe7 1-0

[Event "Titled Tuesday intern op 25th Oct Early"]
[Site "Chess.com INT"]
[Date "2022.10.25"]
[Round "2"]
[White "Sachdev, Tania"]
[Black "Alexikov, Alexander"]
[Result "1-0"]
[WhiteElo "2406"]
[BlackElo "2223"]
[PlyCount "69"]
[EventDate "2022.10.25"]
[EventType "swiss (blitz)"]
[EventRounds "11"]
[EventCountry "USA"]
[SourceTitle "EXT 2024"]
[Source "ChessBase"]
[SourceDate "2023.10.10"]
[SourceVersion "1"]
[SourceVersionDate "2023.10.10"]
[SourceQuality "1"]

1. d4 Nf6 2. c4 g6 3. Nc3 Bg7 4. e4 d6 5. f3 0-0 6. Nge2 b6 7. Ng3 c5 8. d5 e6 9. Be2 a6 10. a4 exd5 11. cxd5 h5 12. Bg5 Qc7 13. 0-0 Nbd7 14. Rc1 Nh7 15. Be3 Ne5 16. h3 h4 17. Nh1 f5 18. f4 Nf7 19. Nf2 Bd7 20. b4 Qd8 21. bxc5 bxc5 22. Bd3 Nf6 23. Qf3 fxe4 24. Nfxe4 Bf5 25. Bf2 Nxe4 26. Bxe4 Nh6 27. Rfe1 Ra7 28. Bxf5 Nxf5 29. Qg4 Kh7 30. Ne4 Bh6 31. Ng5+ Bxg5 32. fxg5 Re7 33. Bxh4 Rfe8 34. Rxe7+ Qxe7 35. Bf2 1-0

[Event "Titled Tuesday intern op 25th Oct Early"]
[Site "Chess.com INT"]
[Date "2022.10.25"]
[Round "7"]
[White "Sachdev, Tania"]
[Black "Halkias, Stelios"]
[Result "0-1"]
[WhiteElo "2406"]
[BlackElo "2506"]
[PlyCount "92"]
[EventDate "2022.10.25"]
[EventType "swiss (blitz)"]
[EventRounds "11"]
[EventCountry "USA"]
[SourceTitle "EXT 2024"]
[Source "ChessBase"]
[SourceDate "2023.10.10"]
[SourceVersion "1"]
[SourceVersionDate "2023.10.10"]
[SourceQuality "1"]

1. d4 d5 2. c4 e6 3. Nf3 Nf6 4. Nc3 c5 5. cxd5 cxd4 6. Qxd4 exd5 7. Bg5 Be7 8. e3 0-0 9. Be2 h6 10. Bxf6 Bxf6 11. Qd2 Be6 12. 0-0 Nc6 13. Rfd1 Rc8 14. Nxd5 Bxd5 15. Qxd5 Qb6 16. Bd3 Nb4 17. Qf5 g6 18. Qb5 Qxb5 19. Bxb5 Rc2 20. a3 Nc6 21. Rd2 Rxd2 22. Nxd2 Bxb2 23. Ra2 Bf6 24. Ne4 Be7 25. Bxc6 bxc6 26. a4 Rb8 27. g3 Rb4 28. Nc3 a5 29. Kg2 f5 30. Kf3 Kf7 31. h3 Bf6 32. Ne2 g5 33. g4 Kg6 34. Ng3 f4 35. Nf5 fxe3 36. fxe3 c5 37. Rc2 c4 38. Nd6 c3 39. Ne4 Be5 40. Ra2 Rc4 41. Rc2 Rxa4 42. Nc5 Rc4 43. Nd3 Bf6 44. e4 Bd4 45. e5 Kf7 46. Nc1 Bxe5 0-1

[Event "Titled Tuesday intern op 11th Oct Early"]
[Site "Chess.com INT"]
[Date "2022.10.11"]
[Round "4"]
[White "Korchmar, Vasiliy"]
[Black "Sachdev, Tania"]
[Result "0-1"]
[WhiteElo "2438"]
[BlackElo "2406"]
[PlyCount "104"]
[EventDate "2022.10.11"]
[EventType "swiss (blitz)"]
[EventRounds "11"]
[EventCountry "USA"]
[SourceTitle "EXT 2024"]
[Source "ChessBase"]
[SourceDate "2023.10.10"]
[SourceVersion "1"]
[SourceVersionDate "2023.10.10"]
[SourceQuality "1"]

1. e4 e5 2. Nf3 Nc6 3. Bc4 Nf6 4. d3 h6 5. c3 d6 6. Nbd2 g5 7. Nf1 Qe7 8. Ng3 Bd7 9. a4 0-0-0 10. a5 g4 11. Nh4 d5 12. exd5 Nxd5 13. Bxd5 Qxh4 14. a6 b6 15. 0-0 f5 16. Nxf5 Bxf5 17. Bxc6 e4 18. Qb3 exd3 19. Bf4 Bd6 20. Qd5 Qf6 21. Bd7+ Kxd7 22. Bxd6 cxd6 23. Qb7+ Ke8 24. Qxa7 Rh7 25. Qxb6 Re7 26. a7 Be4 27. Rfe1 Ba8 28. Rxe7+ Qxe7 29. Qe3 Qxe3 30. fxe3 Kd7 31. Rd1 Kc7 32. Rxd3 Kb6 33. Rd4 h5 34. Ra4 Bc6 35. Ra3 Ra8 36. Kf2 Rxa7 37. Rxa7 Kxa7 38. h3 gxh3 39. gxh3 Kb6 40. Kg3 Kc5 41. Kf4 Kc4 42. e4 Kb3 43. e5 dxe5+ 44. Kxe5 Kxb2 45. c4 Kc3 46. c5 Kc4 47. Kd6 Bg2 48. c6 Bxh3 49. c7 h4 50. Ke5 Bc8 51. Kf4 h3 52. Kg3 Kb5 0-1